00555nam a22001577a 450000500170000001000170001702000260003403500170006003700240007708200080010110000180010924501470012726000350027427000610030930000270037020120123111713.0 aB-445745-747 a9780143335443c350.00 aB-445745-747 adplbAllied Pub/Ven a954 aDalal, Roshen aThe Puffin History pf India for Children:b3000 BC-AD 1947cby Roshen Dalal; illustrated by Aarohi Phadke, Arvinder Chawla and Arun Pottirayil aNew DelhibPenguin Groupc2002 a11 Community Centre, Panchsheel Park,bNew Delhie110017 a404p.bill.c19cm(pbk)